Normal view
MARC view
- Jotwani, K
Entry Personal Name
001 - CONTROL NUMBER
- control field: 69291
003 - CONTROL NUMBER IDENTIFIER
- control field: OSt
005 - DATE AND TIME OF LATEST TRANSACTION
- control field: 20220806111551.0
008 - FIXED-LENGTH DATA ELEMENTS
- fixed length control field: 220806|| aca||aabn | a|a d
040 ## - CATALOGING SOURCE
- Original cataloging agency: OSt
- Transcribing agency: OSt
100 ## - HEADING--PERSONAL NAME
- Personal name: Jotwani, K
670 ## - SOURCE DATA FOUND
- Source citation: Work cat.: (OSt)38877: Jotwani, K., International Business, 2014